| 000 | 00429 a2200169 4500 | ||
|---|---|---|---|
| 001 | 066825 | ||
| 003 | OSt | ||
| 005 | 20211018104909.0 | ||
| 008 | |||
| 082 |
_a518 _bA54I |
||
| 100 | 1 | _aAtkinson, Kendall E. | |
| 245 | 1 |
_aAn introduction to numerical analysis _cby Kendall E. Atkinson |
|
| 260 |
_aNew Delhi _bWiley _c2009 |
||
| 300 | _a693p. | ||
| 690 | _aNumerical analysis | ||
| 942 |
_2ddc _cBK |
||
| 999 |
_c825 _d825 |
||